000 00511nam a2200193Ia 4500
005 20250508150209.0
008 008 250505s9999 xx 000 0 eng d
037 _aTextual
040 _aFEDL
_beng
_cFEDL
041 _aeng
_2eng
084 _a301, RAT
_qFEDL
100 _aRathenau Walther
_9755984
245 0 _aNew society
260 _aLondon, UK
_bWilliams and Norgate Ltd.
_c1921
300 _avi,147p.
650 _aSociology
942 _cTEXL
_h301, RAT
999 _c1322327
_d1322327